00937nam a2200289 4500003000400000005001700004008004100021040001800062041000800080050001500088100002800103245004300131264003700174300003700211336002200248337002400270338002400294500008500318610002800403650003200431650003500463650003400498650004000532655004300572942001500615999001700630OSt20260530115316.0260505b2003 it a|||| |||| 00| 0 eng d aICIbspacICI aeng aNK957bA441 aAlessi, Alberto,eautor14aThe dream factory :bAlessi Since 1921 aMilán :bElecta/Alessi ;c2003 a151 páginas : bilustraciones  2rdacontentatexto 2rdamediaasin medio 2rdacarrieravolumen aObra sobre la historia y filosofía de diseño de la empresa Alessi desde 1921 aAlessi (Empresa)933640 4aDiseño industrialzItalia 4aObjetos domésticosxDiseño 4aDiseño de productoszItalia 4aEmpresas de diseñozItalia933644 2localaMonografías ilustradas933645 2lccn1cBK c13579d13579